000 01279nam a22003017a 4500
999 _c46867
_d46867
001 20516
003 CO-MdFUSB
005 20170721092805.0
008 160830t1977 xxu||||f |||| 00| 0 eng d
020 _a0-8006-0484-9
040 _aCO-MdFUSB
_bEspañol
_cCO-MdFUSB
_dCO-MdFUSB
_erda
041 _aeng
082 _224
_a221.6
_bT763t
100 1 _aKnight, Douglas A.
_dEditor
245 0 _aTradition and theology in the Old Testament
_c/ editado por Douglas A. Knight
264 4 _aPhiladelphia, Pennsylvania :
_bFortress Press,
_c©1977
300 _axiv, 336 páginas
336 _2rdacontent
_a1
_ba1
337 _2rdamedia
_a2
_b5
338 _2rdacarrier
_a2
_b5
500 _aIncluye índices
501 _aPasta dura
505 0 0 _aLa vida, la fe y la aparición de la tradición -- El impacto del Cercano Oriente Antiguo en la tradición israelita -- Tradición e historia -- Proclamación profética y reinterpretación -- Tradición y culto -- La tradición y la expresión oral -- Las corrientes teológicas de la tradición -- La continuidad y la discontinuidad -- Tradición y Escritura
653 _aTradition (Theology) -- Biblical teaching
653 _aLa tradición (Teología) -- enseñanza bíblica
942 _cBK